000 00586cam a2200145 4500500
005 20260201152656.0
041 _afre
042 _adc
100 1 0 _aNaepels, Michel
_eauthor
245 0 0 _aPeter Pels & Oscar Salemink, eds., Colonial Subjects., Essays on the Practical History of Anthropology, Ann Arbor, The University of Michigan Press, 1999, VIII + 364 p., index
260 _c2001.
500 _a34
786 0 _nL'Homme | 160 | 4 | 2001-10-01 | p. 193f-300f | 0439-4216
856 4 1 _uhttps://shs.cairn.info/revue-l-homme-2001-4-page-193f?lang=fr&redirect-ssocas=7080
999 _c1643108
_d1643108